000 00658nam a2200193Ia 4500
003 OSt
005 20240613104504.0
008 210210b1943 xxu||||| |||| 00| 0 eng d
040 _cAL
041 _aeng
082 _a828/530
100 _aREYNOLDS (E E)
_9170394
245 _aB P the story of his life
260 _aLondon
_bOxford University Press
_c1943
520 _aBiography of Lieutenant General Sir Robert Stephenson Smyth Baden-Powell, 1st Baron Baden-Powell, OM, GCMG, GCVO, KCB, KStJ, DLRobert Baden-Powell, founder of the scouting movement, written by E.E. Reynolds.
690 _aBiography
_9170402
906 _a016375
942 _2ddc
_cBK
999 _c135885
_d135885